000 00746nam a2200241Ia 4500
003 OSt
005 20220923213146.0
006 a|||||r|||| 00| 0
007 ta
008 220922b |||||||| |||| 00| 0 hin d
024 _a159,378
037 _cTextual
040 _aARTS
_cARTS
_bhin
041 _2hin
_ahin
082 _aO152,1N2:g, J6
100 _aक्षेम
245 0 _aछायावाद के गौरवचिन्ह
246 _aChhāyāvād ke gauravachinha
260 _aवाराणसी
_b हिन्दी प्रचारक
_c1956
650 _aहिन्दी साहित्य
_9156264
942 _hO152,1N2:g, J6
_cTEXL
_2CC
999 _c314125
_d314125